000
00231nam a22001217a 4500
040
_c
SY
082
_a
634p.
100
_a
L.PANCEL
245
_a
Tropical forestry handbook
260
_a
NA
_b
PAN
_c
NA
300
_a
162p.
942
_c
EK
999
_c
8963
_d
8963